Normal view
MARC view
- William L. Hart
Entry Personal Name
001 - CONTROL NUMBER
- control field: 113438
003 - CONTROL NUMBER IDENTIFIER
- control field: NUST
005 - DATE AND TIME OF LATEST TRANSACTION
- control field: 20230707091335.0
008 - FIXED-LENGTH DATA ELEMENTS
- fixed length control field: 230707|| aca||aabn | a|a d
040 ## - CATALOGING SOURCE
- Original cataloging agency: NUST
- Transcribing agency: NUST
100 ## - HEADING--PERSONAL NAME
- Personal name: William L. Hart
670 ## - SOURCE DATA FOUND
- Source citation: Work cat.: (NUST)180330: Hart, William L. 113437, Calculus with applications: , 1973
